Responses for show #7103 - Wednesday, July 1, 2015

Contestants

[<< previous game]

Alex Irvine, a writer originally from Ypsilanti, Michigan

Rena Traube, a financial analyst originally from Brooklyn, New York

Brandon Powell, a contracting officer from Huntsville, Alabama (whose 2-day cash winnings total $38,788)

[next game >>]

Jeopardy! Round responses

THERE'S SOMETHING ABOUT A MAN IN UNIFORM
IN THE DICTIONARY
THE WRITE STUFF
ZIP IT!
TV TITLE ____& ____
NICE PACKAGE
    $200 1
Jimmy Carter

Brandon
    $200 9
a medley

Brandon
    $200 3
Victor Hugo

Alex
    $200 14
Atlanta

Alex
    $200 19
Parks and Recreation

Rena
    $200 24
a carton

Brandon
    $400 2
Neil Armstrong

Alex
    $400 10
pelt

Brandon
    $400 4
Out of Africa

Alex
    $400 15
Beverly Hills

Alex
    $400 20
Law & Order

Alex
    $400 27
a six-pack

Rena
    $600 7
Powell & Schwarzkopf

Alex
    $600 11
to euthanize

Brandon
    $600 5
Louisa May Alcott

Triple Stumper
    $600 16
(Alex Trebek: Yes, the Big Apple.)

New York

Brandon
    $600 21
Siskel & Ebert

Alex
    $600 28
"My Favorite Things"

Rena
    $2,200 25
(Alex Trebek: Brandon?... Drawing a blank?)
(Brandon: Drawing a blank.)

John Philip Sousa

Brandon
    $800 12
a nurse practitioner

Rena
    $800 6
the Harlem Renaissance

Brandon
    $800 17
Virginia Beach

Brandon
    $800 22
Mork & Mindy

Alex
    $800 29
jewel cases

Alex
    $1000 26
(Ambrose) Burnside

Alex
    $1000 13
a mirror

Alex
    $1000 8
Molière

Alex
    $1000 18
Iowa

Alex
    $1000 23
(Rena: What are Franklin & Bash?)
...
(Alex Trebek: Alex, you knew that, but you didn't ring in.
(Alex Irvine: I did. I did.)

Rizzoli & Isles

Rena
Triple Stumper
    $1000 30
(Rena: Who is Bigelow?)

Lipton

Rena
Triple Stumper

Scores at the first commercial break (after clue 15):

Brandon Rena Alex
$2,200 $800 $4,200

Scores at the end of the Jeopardy! Round:

Brandon Rena Alex
$1,600 $0 $8,800

Double Jeopardy! Round responses

THE MARQUIS DE LAFAYETTE
NON-TALKATIVE SHOW BIZ FOLK
ICELAND
LADY "B" GOOD
(Alex: "B" will begin each correct response.)
ARMED
DANGEROUS
    $400 12
Yorktown

Rena
    $400 22
Teller

Brandon
    $400 3
Reykjavík

Brandon
    $400 1
Clara Barton

Brandon
    $400 17
the biceps

Brandon
    $400 4
deadly

Alex
    $800 13
Marie Antoinette

Rena
    $800 23
Chewbacca

Brandon
    $800 15
Odin

Alex
    $800 2
(Rena: Who is Sophia Loren?)

Brigitte Bardot

RenaAlex
    $800 18
a safety

Brandon
    $800 5
malignant

Rena
    $1200 14
Napoleon

Alex
    $1200 24
Groot

Brandon
    $1200 16
Reagan & Gorbachev

Brandon
    $1200 9
Sarah Bernhardt

Rena
    $1200 19
an adjustable-rate mortgage

Alex
    $1200 6
perilous

Rena
    $1600 29
North Carolina

Alex
    $1600 25
Beaker

Brandon
    $1600 20
their occupations

Triple Stumper
    $1600 10
Judy Blume

Alex
    $1600 27
Stonewall Jackson

Alex
    $1600 7
risk

Brandon
    $5,000 30
(Alex Irvine: Uh, what is...)
(Alex Trebek: Hurry.)
(Alex: Irvine: ...Lexington and Concord?

the Battle of Bunker Hill

Alex
    $4,400 26
(Alex Trebek: The volleyball.)

Wilson

Brandon
    $2000 21
the Althing

Triple Stumper
    $2000 11
(Elizabeth) Blackwell

Rena
    $2000 28
(Brandon: What's a baboon?)

a gibbon

BrandonAlex
    $2000 8
noxious

Rena

Scores at the end of the Double Jeopardy! Round:

Brandon Rena Alex
$12,800 $7,600 $15,000

[wagering suggestions for these scores]

Final Jeopardy! Round responses

DOING BUSINESS INTERNATIONALLY
RenaWhat is Wal-mart?
$7,401
BrandonWhat is Walmart?
$7,200
AlexWhat is Target?
$11,000
Target

Final scores:

Brandon Rena Alex
$5,600 $199 $26,000
2nd place: $2,000 3rd place: $1,000 New champion: $26,000

Game dynamics:

Coryat scores:

Brandon Rena Alex
$12,600 $7,600 $20,000
19 R
(including 1 DD),
2 W
(including 1 DD)
11 R,
3 W
23 R,
1 W
(including 1 DD)

Combined Coryat: $40,200

The J! Archive is created by fans, for fans. The Jeopardy! game show and all elements thereof, including but not limited to copyright and trademark thereto, are the property of Jeopardy Productions, Inc. and are protected under law. This website is not affiliated with, sponsored by, or operated by Jeopardy Productions, Inc. Join the discussion at JBoard.tv.